000 00216nam a22000857a 4500
008 170626b xxu||||| |||| 00| 0 eng d
100 _93715
_aCBSE
245 _aABC Science Lab manual IX
260 _aNew Delhi
_bH. F. I
_c2008
999 _c7136
_d7136